书目信息 |
| 题名: |
文学写作与历史想象
|
|
| 作者: | 杨庆祥 著 | |
| 分册: | ||
| 出版信息: | 南京 江苏凤凰文艺出版社 2021 |
|
| 页数: | 269页 | |
| 开本: | 21cm | |
| 丛书名: | ||
| 单 册: | ||
| 中图分类: | I206.5 , I206.6 | |
| 科图分类: | ||
| 主题词: | 中国文学--zhong guo wen xue--近代文学--文学评论--文集 , 中国文学--zhong guo wen xue--现代文学--文学评论--文集 | |
| 电子资源: | ||
| ISBN: | 978-7-5594-5147-7 | |
| 000 | 01098nam0 2200265 450 | |
| 001 | 2151103173 | |
| 005 | 20211018173724.0 | |
| 010 | @a978-7-5594-5147-7@dCNY42.00 | |
| 100 | @a20210202d2021 em y0chiy0120 ea | |
| 101 | 0 | @achi |
| 102 | @aCN@b320000 | |
| 105 | @ay z 000yy | |
| 106 | @ar | |
| 200 | 1 | @a文学写作与历史想象@Awen xue xie zuo yu li shi xiang xiang@f杨庆祥著 |
| 210 | @a南京@c江苏凤凰文艺出版社@d2021 | |
| 215 | @a269页@d21cm | |
| 300 | @a文学的可能 | |
| 330 | @a本书主要内容包括:死去了的小资时代——读《〈波动〉序》兼与李陀商榷、历史重建及历史叙事的困境——基于《天香》《古炉》《四书》的观察、在天空中凝结成一个全体——《凤凰》的风景发现和历史辩证法、无法命名的“个人”——由《隐身衣》兼及“小资产阶级”问题、从小资产阶级梦中惊醒——张悦然《家》中的历史意识和主体想象等。 | |
| 606 | 0 | @a中国文学@Azhong guo wen xue@x近代文学@x文学评论@j文集 |
| 606 | 0 | @a中国文学@Azhong guo wen xue@x现代文学@x文学评论@j文集 |
| 690 | @aI206.5@v5 | |
| 690 | @aI206.6@v5 | |
| 701 | 0 | @a杨庆祥@Ayang qing xiang@4著 |
| 801 | 0 | @aCN@b百万庄@c20211016 |
| 905 | @b1309796-99@dI206.5@e24@f4 | |
| 文学写作与历史想象/杨庆祥著.-南京:江苏凤凰文艺出版社,2021 |
| 269页;21cm |
| 文学的可能 |
| ISBN 978-7-5594-5147-7:CNY42.00 |
| 本书主要内容包括:死去了的小资时代——读《〈波动〉序》兼与李陀商榷、历史重建及历史叙事的困境——基于《天香》《古炉》《四书》的观察、在天空中凝结成一个全体——《凤凰》的风景发现和历史辩证法、无法命名的“个人”——由《隐身衣》兼及“小资产阶级”问题、从小资产阶级梦中惊醒——张悦然《家》中的历史意识和主体想象等。 |
| ● |
| 相关链接 |
|
|
|
|
正题名:文学写作与历史想象
索取号:I206.5/24
 
预约/预借
| 序号 | 登录号 | 条形码 | 馆藏地/架位号 | 状态 | 备注 |
| 1 | 1309796 | 213097968 | 第一样本阅览室/ [索取号:I206.5/24] | 在馆 | |
| 2 | 1309797 | 213097977 | 第二借阅区/ [索取号:I206.5/24] | 在馆 | |
| 3 | 1309798 | 213097986 | 第二借阅区/ [索取号:I206.5/24] | 在馆 | |
| 4 | 1309799 | 213097995 | 第二借阅区/ [索取号:I206.5/24] | 在馆 |